A text book of aquaculture / (Record no. 15378)
[ view plain ]
| 000 -LEADER | |
|---|---|
| fixed length control field | 00735nam a22002417a 4500 |
| 001 - CONTROL NUMBER | |
| control field | 15378 |
| 003 - CONTROL NUMBER IDENTIFIER | |
| rucl marc code | BD-RjUL |
| 005 - DATE AND TIME OF LATEST TRANSACTION | |
| control field | 20211208235814.0 |
| 008 - FIXED-LENGTH DATA ELEMENTS--GENERAL INFORMATION | |
| fixed length control field | 140210r20041999I ||||| |||| 001 0 eng d |
| 020 ## - INTERNATIONAL STANDARD BOOK NUMBER | |
| International Standard Book Number | 8171414286 |
| 035 ## - SYSTEM CONTROL NUMBER | |
| System control number | (BD-RjUL)15432 |
| 040 ## - CATALOGING SOURCE | |
| Original cataloging agency | BD-RjUL |
| Language of cataloging | eng |
| Transcribing agency | BD-RjUL |
| Modifying agency | BD-RjUL |
| 041 ## - LANGUAGE CODE | |
| Language code of text/sound track or separate title | eng |
| 082 04 - DEWEY DECIMAL CLASSIFICATION NUMBER | |
| Edition number | 21 |
| Classification number | 639.3 |
| Author mark and year | RET 2004 |
| 100 1# - MAIN ENTRY--PERSONAL NAME | |
| Personal name | Reddy, M. Srinivasulu, |
| 9 (RLIN) | 47791 |
| 245 ## - TITLE STATEMENT | |
| Title | A text book of aquaculture / |
| Statement of responsibility, etc. | Dr. M. Srinivasulu and Dr. K. R. S. Sambaviva Rao. |
| 260 ## - PUBLICATION, DISTRIBUTION, ETC. (IMPRINT) | |
| Place of publication, distribution, etc. | New Delhi : |
| Name of publisher, distributor, etc. | Discovery pub. , |
| Date of publication, distribution, etc. | c1999 [Reprinted 2005]. |
| 300 ## - PHYSICAL DESCRIPTION | |
| Pagination | vii,286 p. : |
| Illustrations | ill. ; |
| Size | 24 cm. |
| 504 ## - BIBLIOGRAPHY, ETC. NOTE | |
| Bibliography, etc | Includes index. |
| 650 #7 - SUBJECT ADDED ENTRY--TOPICAL TERM | |
| Topical term or geographic name as entry element | aquaculture |
| 9 (RLIN) | 47792 |
| 700 1# - ADDED ENTRY--PERSONAL NAME | |
| Personal name | Rao, K. R. S. Sambaviva , |
| 942 ## - ADDED ENTRY ELEMENTS (KOHA) | |
| Source of classification or shelving scheme | Dewey Decimal Classification |
| Koha item type | Books |
| Lost status | Source of classification or shelving scheme | Damaged status | Not for loan | Collection code | Permanent Location | Current Location | Shelving location | Date acquired | Source of acquisition | Cost, normal purchase price | Total Checkouts | Full call number | Date last seen | Copy number | Koha item type |
|---|---|---|---|---|---|---|---|---|---|---|---|---|---|---|---|
| Dewey Decimal Classification | Non-fiction | Central Library, University of Rajshahi | Central Library, University of Rajshahi | 30/08/2009 | Dhaka Ahsania Misson Book Dis. House | 14470.00 | 639.3 RET 2004 | 10/02/2014 | C-4 | Books |